[Event "Stryi Zadorezki Memorial"]
[Site "Stryi"]
[Date "2011.05.01"]
[Round "5"]
[White "Arakelian, K."]
[Black "Krushelnitsky, Yaroslav"]
[Result "1-0"]
[WhiteElo "2096"]
[BlackElo "1815"]
[PlyCount "81"]
[EventDate "2011.04.29"]
[EventType "tourn"]
[EventRounds "9"]
[EventCountry "UKR"]
[SourceTitle "CBM 142 Extra"]
[Source "ChessBase"]
[SourceDate "2011.06.27"]
[SourceVersion "1"]
[SourceVersionDate "2011.06.27"]
[SourceQuality "1"]

1. d4 d5 2. c4 Nf6 3. cxd5 Qxd5 4. Nc3 Qd8 5. g3 c6 6. Bg2 Bg4 7. h3 Bh5 8. Nf3 h6 9. Ne5 e6 10. g4 Bg6 11. Nxg6 fxg6 12. Qd3 g5 13. f4 gxf4 14. Bxf4 Qe7 15. e4 Nbd7 16. 0-0-0 0-0-0 17. Bh2 Qb4 18. Qg3 Ne8 19. Rhf1 Bd6 20. e5 Be7 21. h4 Rf8 22. g5 hxg5 23. hxg5 Rxf1 24. Bxf1 Nb6 25. Qg4 Nc7 26. Ne4 Kb8 27. Nd6 Rf8 28. Bf4 Nbd5 29. Bd2 Qa4 30. a3 Bxd6 31. exd6 Nb5 32. d7 Kc7 33. Qxe6 Nxd4 34. Qe5+ Kb6 35. Bd3 Nb3+ 36. Kb1 Nc5 37. Bc2 Qg4 38. Qd6 Rd8 39. Ba5+ Kxa5 40. Qxc5+ b5 41. Qxa7# 1-0